Giáo trình Nhập môn Công tác xã hội

Shranjeno v:
Bibliografske podrobnosti
Glavni avtor: Bùi, Thị Xuân Mai
Format: Knjiga
Izdano: Hà Nội Lao động - Xã hội 2012
Izdaja:Tái bản lần thứ 2
Teme:
Oznake: Označite
Brez oznak, prvi označite!
Thư viện lưu trữ: Trung tâm Học liệu Lê Vũ Hùng, Trường Đại học Đồng Tháp
LEADER 00828pam a22002538a 4500
001 00039508
005 20171026081025.0
008 170519s2012 ||||||Viesd
041 0 # |a Vie 
082 1 4 |a 361  |b GI108TR 
100 1 # |a Bùi, Thị Xuân Mai 
245 1 0 |a Giáo trình Nhập môn Công tác xã hội  |c Bùi Thị Xuân Mai 
250 # # |a Tái bản lần thứ 2 
260 # # |a Hà Nội  |b Lao động - Xã hội  |c 2012 
300 # # |a 368 tr.  |b 21cm 
653 # # |a Công tác xã hội 
653 # # |a Nhập môn 
653 # # |a Giáo trình 
852 # # |b Kho mượn  |j KGT.0052898 
852 # # |b Kho đọc  |j KD.0022065 
852 # # |j KGT.0052898  |j KD.0022065 
910 |d 19/05/2017 
980 # # |a Trung tâm Học liệu Lê Vũ Hùng, Trường Đại học Đồng Tháp